| 000 | 01030nam a2200277 a 4500 | ||
|---|---|---|---|
| 008 | 951027s1990||||[C 0 slo c | ||
| 020 |
_a8022201456 _c18 Kčs. _q(2500 výtl.) |
||
| 040 |
_aSNK _bslo _cSNK _eAACR2 |
||
| 041 | 1 |
_aslo _hlat |
|
| 044 |
_axo _cSK |
||
| 080 | _a885.4-1(082) | ||
| 100 | 1 |
_aMinárik, Jozef _4aut |
|
| 245 | 1 | 0 |
_aStarodávne piesne rádu pijanského _bAntológia anonymnej latinskej pijanskej lyriky (druhá polovica 14. storočia - druhá polovica 19. storočia) _cJozef Minárik ; Jozef Minárik, Jozef Minárik, Jozef Minárik, Jozef Minárik, Igor Imro, Jozef Minárik |
| 250 | _a1., vyd. | ||
| 260 |
_aBratislava _bTatran _c1990 _eBratislava _fPravda |
||
| 300 |
_a136 s., 7,14 AH _bFot. _c20 cm |
||
| 490 | 0 |
_aHviezdoslavova knižnica _vZv. 313. |
|
| 500 | _aVysvetl. | ||
| 700 | 1 |
_aMinárik, Jozef _4com |
|
| 700 | 1 |
_aMinárik, Jozef _4trl |
|
| 700 | 1 |
_aMinárik, Jozef _4[ADC] |
|
| 700 | 1 |
_aMinárik, Jozef _4bkd |
|
| 700 | 1 |
_aImro, Igor _4bkd |
|
| 700 | 1 |
_aMinárik, Jozef _4oth |
|
| 958 | _aA | ||
| 999 |
_c15202 _d15202 |
||